| 000 | 00579nam a2200217 i 4500 | ||
|---|---|---|---|
| 001 | C2-0127148 | ||
| 003 | PPAK | ||
| 005 | 20180727115949.0 | ||
| 008 | 970916s1982 nyua|||| ||||| | eng d | ||
| 020 | _a0307619540 | ||
| 040 |
_aPPAK _beng _cPPAK _erda |
||
| 082 | 0 | 4 |
_a821 _223 |
| 090 | 0 | 0 |
_a821 _bANI _dK |
| 245 | 0 | 0 | _aAnimal poems for children |
| 264 | 1 |
_aNew York : _bWestern Publishing , _c1982 |
|
| 300 |
_a25 pages : _bcolour illustrations ; _c23 cm |
||
| 336 |
_2rdacontent _atext |
||
| 337 |
_2rdamedia _aunmediated |
||
| 338 |
_2rdacarrier _avolume |
||
| 942 |
_ddc _cB |
||
| 999 |
_c37870 _d37870 |
||